| 000 | 00910nam a2200241Ia 4500 | ||
|---|---|---|---|
| 003 | IN-BaIIA | ||
| 008 | 211028s9999 xx 000 0 eng d | ||
| 020 | _a0-937707-45-7 | ||
| 040 | _cIIA Library | ||
| 080 |
_a082.2:52 _bASP-26 |
||
| 111 |
_aCambridge Workshop _n7th _cArizona _d1991 Oct. 9-12 _918708 |
||
| 245 | 0 |
_aCool stars, stellar systems and the sun _bseventh Cambridge workshop held in Tucson, Arizona, 9-12 Oct 1991 _cedited by M. S. Giampapa and J. A. Bookbinder |
|
| 260 |
_aSan Francisco _bAstronomical Society of the Pacific _c1992 |
||
| 300 | _axv, 710p. | ||
| 490 | _aASP conference series; v. 26 | ||
| 650 | _aAstronomy and astrophysics thesaurus | ||
| 650 |
_aCool stars _95425 |
||
| 650 |
_aStellar systems _93271 |
||
| 650 |
_aSun _91200 |
||
| 700 |
_aBookbinder, J. A., ed. _918709 |
||
| 700 |
_aGiampapa, M. S., ed. _918077 |
||
| 942 | _cBK | ||
| 999 |
_c10952 _d10952 |
||